000 00787nam a2200301Ia 4500
001 Z_1041
003 CHAP
008 220113s1988 xx 000 0 und d
010 _a164121
040 _cCHAP
090 _aFolleto 259
100 _aDearriba Concepción, José
_931451
245 _aFisiología y bioquímica de la digestión en el rumiante /
_cpor José Dearriba Concepción
260 _aSantiago de Cuba :
_bOriente,
_c1988
300 _a83 p. :
_bilus
440 _a
500 _a
503 _a
650 _aDigestión I. t.
_9138088
650 _aMetabolismo en rumiantes
_975155
650 _aRumiantes
_xAnatomía y fisiología
_9100843
901 _aFolleto 259
902 _aA
910 _a1988
942 _cc14
942 _cc14
999 _c164121
_d164121